000 00661nam a2200205Ii 4500
003 JO-AjNU
008 230605s9999||||xx |||||||||||||| ||und||
040 _aJO-AjNU
_bara
_erda
_cJO-AjNU
041 _aara
050 1 4 _aBP173.753.M8 1978
100 3 _aصقر، محمد أحمد,
_eauthor
_941251
245 0 0 _aالإقتصاد الإسلامي مفاهيم ومرتكزات
250 _aط1
264 3 1 _aالقاهرة: دار النهضة العربية، 1978
300 _a98ص
336 _atext
_btxt
_2rdacontent
337 _aunmediated
_bn
_2rdamedia
338 _avolume
_bnc
_2rdacarrier
650 4 _aالاقتصاد الاسلامي
_941252
999 _aA17572
_c21140
_d21140